Contemporary social work practice
The second of five books in McGraw-Hill's new series NEW DIRECTIONS IN SOCIAL WORK, this text helps translate the guiding theoretical perspectives of social justice, human rights, and critical social construction into purposeful social work practice. Each new copy of the text is packaged free w...
Na minha lista:
| Autor principal: | |
|---|---|
| Formato: | Livro |
| Idioma: | Undetermined |
| Publicado em: |
Boston
McGraw-Hill
2006
|
| Assuntos: | |
| Tags: |
Adicionar Tag
Sem tags, seja o primeiro a adicionar uma tag!
|
| Thư viện lưu trữ: | Trung tâm Học liệu Trường Đại học Cần Thơ |
|---|
| LEADER | 01008nam a2200217Ia 4500 | ||
|---|---|---|---|
| 001 | CTU_166200 | ||
| 008 | 210402s9999 xx 000 0 und d | ||
| 020 | |c 54.65 | ||
| 082 | |a 361.32 | ||
| 082 | |b D516 | ||
| 100 | |a Dewees, Marty | ||
| 245 | 0 | |a Contemporary social work practice | |
| 245 | 0 | |c Marty Dewees | |
| 260 | |a Boston | ||
| 260 | |b McGraw-Hill | ||
| 260 | |c 2006 | ||
| 520 | |a The second of five books in McGraw-Hill's new series NEW DIRECTIONS IN SOCIAL WORK, this text helps translate the guiding theoretical perspectives of social justice, human rights, and critical social construction into purposeful social work practice. Each new copy of the text is packaged free with a companion interactive CD-ROM offering case studies based on actual practice situations, as well as a concise ethics primer! | ||
| 650 | |a Social service,Social service,Dịch vụ xã hội | ||
| 650 | |z United States,Hoa Kỳ | ||
| 904 | |i Nguyên | ||
| 980 | |a Trung tâm Học liệu Trường Đại học Cần Thơ | ||